Lý thuyết kiểm toán /
Saved in:
| Main Author: | |
|---|---|
| Other Authors: | , |
| Format: | Book (Paper) |
| Language: | Vietnamese |
| Published: |
H. :
Tài chính,
2005
|
| Edition: | In lần thứ năm - đã sửa đổi, bổ sung |
| Subjects: | |
| Tags: |
Add Tag
No Tags, Be the first to tag this record!
|
| Institutions: | Thư viện Trường Đại học Đà Lạt |
|---|
| LEADER | 00827nam a2200325 4500 | ||
|---|---|---|---|
| 001 | DLU060000052 | ||
| 005 | ##20060208 | ||
| 040 | # | # | |a DLU |b vie |
| 041 | # | # | |a vie |
| 044 | # | # | |a vn |
| 082 | # | # | |a 657.45 |b NG-Q |
| 100 | # | # | |a Nguyễn Quang Quynh |
| 245 | # | # | |a Lý thuyết kiểm toán / |c Nguyễn Quang Quynh, Ngô Trí Tuệ, Tô Văn Nhật |
| 250 | # | # | |a In lần thứ năm - đã sửa đổi, bổ sung |
| 260 | # | # | |a H. : |b Tài chính, |c 2005 |
| 300 | # | # | |a 280 tr. ; |c 24 cm |
| 653 | # | # | |a Giáo trình |
| 653 | # | # | |a Kiểm toán |
| 700 | # | # | |a Ngô Trí Tuệ |
| 700 | # | # | |a Tô Văn Nhật |
| 923 | # | # | |a 59/2005 |
| 992 | # | # | |a 72.000 |
| 994 | # | # | |a DLU |
| 900 | # | # | |a True |
| 911 | # | # | |a Đào Thị Thu Huyền |
| 925 | # | # | |a G |
| 926 | # | # | |a A |
| 927 | # | # | |a SH |
| 980 | # | # | |a Thư viện Trường Đại học Đà Lạt |